Club Brugge Squad 2024-2025 - Statistics

General Stats
  • This quiz has been taken 177 times
    118 since last reset
  • The average score is 21 of 27
Answer Stats
# Position Nation Player % Correct
22 GK Belgium Simon Mignolet
95%
4 DF Ecuador Joel Ordóñez
92%
8 FW Greece Christos Tzolis
91%
9 FW Spain Ferran Jutglà
91%
20 MF Belgium Hans Vanaken
91%
15 MF Nigeria Raphael Onyedika
88%
44 DF Belgium Brandon Mechele
87%
55 DF Belgium Maxim De Cuyper
87%
30 MF Switzerland Ardon Jashari
85%
7 FW Denmark Andreas Skov Olsen
84%
10 MF Norway Hugo Vetlesen
84%
19 FW Sweden Gustaf Nilsson
83%
64 DF Belgium Kyriani Sabbe
83%
21 FW Poland Michał Skóraś
81%
- Coach Belgium Nicky Hayen
81%
29 GK Belgium Nordin Jackers
80%
17 FW Belgium Romeo Vermant
80%
65 DF Belgium Joaquin Seys
79%
27 MF Denmark Casper Nielsen
77%
2 DF Argentina Zaid Romero
77%
14 DF Netherlands Bjorn Meijer
76%
58 DF Belgium Jorne Spileers
71%
68 FW Belgium Chemsdine Talbi
68%
41 DF Belgium Hugo Siquet
59%
16 GK Netherlands Dani van den Heuvel
53%
28 DF Belgium Dedryck Boyata
43%
24 DF Nigeria Vince Osuji
39%
No matching quizzes found
Score Distribution
Percent of People with Each Score
Percentile by Number Answered
Your Score History
You have not taken this quiz since the last reset